00696nam a2200241 a 4500001001300000003000900013005001700022008004100039020001000080082001800090100002700108245003300135260003700168300000800205500003500213505000800248650002300256700002700279902000800306942000700314952011800321999001500439nice12345678IN_TiNIC20260116011417.0050524s0000 teha grp 000 0 per  ac10000a230.0711bNUR aNurjehan, Publications aKalisiya-Wa-Khadmin-E-Masih. aTehranbHuner Bakhsh Pressc0000 a95p aincludes index and biblioraphy2 aIll aSeminary Education1 aNurjehan, Publications bSRS cBK 001040708StackRoom-aHMIbHMId2007-06-13g100.00l0o230.0711 NURp02924r2007-06-13v100.00w2005-05-24yBK c1289d1289